Rǧimen Fiscal de las Actividades Agropecuarias 2013

Bibliographic Details
Main Author: Luna Guerra, Antonio
Format: eBook
Language:Spanish
Published: Mx̌ico D.F. : Ediciones Fiscales ISEF, 2013
Subjects:
Online Access:http://www.vlex.com/source/11040

MARC

LEADER 00000nam a22000007a 4500
005 20130426085334.0
007 cr|||| ||||
008 130426e2013 mx |||||s|||| 00||0 spa d
020 |a 978-607-406-525-1 
035 |a 11040 
040 |a vLex 
090 |c 4182  |d 4182 
100 1 0 |a Luna Guerra, Antonio 
245 1 0 |a Rǧimen Fiscal de las Actividades Agropecuarias 2013  |c / Antonio Luna Guerra   |h [Recurso electrn̤ico] 
256 |a Servicio en ln̕ea 
260 |a Mx̌ico D.F. :  |b Ediciones Fiscales ISEF,   |c 2013 
300 |a 1 Recurso electrn̤ico 
506 |d vLex Global  |d vLex Global (Academic Edition, excluding Law Schools)  |d vLex Global (U.S. Academic Edition, Law Schools)  |d vLex Global (U.S. Academic Edition, excluding Law Schools)  |d vLex Global (Academic Edition, Law Schools) 
650 0 4 |a Derecho tributario  |z Mx̌ico 
740 |a vLex Libros (Servicio en ln̕ea) 
856 |a Acceso restringido  |u http://www.vlex.com/source/11040 
942 |c BOOK 
999 0 |a Taxation